| 000 | 00606nam a2200193Ia 4500 | ||
|---|---|---|---|
| 003 | IN-BaIIA | ||
| 008 | 211028s9999 xx 000 0 eng d | ||
| 020 | _a1-56592-104-6 | ||
| 040 | _cIIA Library | ||
| 080 |
_a681.31 _bMUI |
||
| 100 |
_aMui, Linda _921507 |
||
| 245 | 0 |
_aWhen you can't find your UNIX sysem administrator _cLinda Mui |
|
| 260 |
_aSebastopol _bO'Reilly & Associates _c1995 |
||
| 300 | _axiii, 139p. | ||
| 490 | _aWhat you need to know | ||
| 650 | _aComputer programming | ||
| 650 |
_aUNIX, system administration _921508 |
||
| 942 | _cBK | ||
| 999 |
_c12302 _d12302 |
||